Statistics for Canon MCU Movies/TV Shows

Click here to take the quiz!

General Stats

  • This quiz has been taken 70 times
    (23 since last reset)
  • The average score is 47 of 59

Answer Stats

Release DateMain CastMovie% Correct
July 17, 2015Paul Rudd, Corey Stoll, Evangeline Lilly, Michelle Pfeiffer, Michael DouglasAnt-Man
100%
July 6, 2018Paul Rudd, Evangeline Lilly, Hannah John-KamenAnt-Man & The Wasp
100%
May 1, 2015Robert Downey Jr., Chris Evans, Scarlett Johansson, Mark Ruffalo, Aaron Taylor-Johnson, Elizabeth Olsen, James SpaderAvengers: Age of Ultron
100%
April 26, 2019Josh Brolin, Mark Ruffalo, Robert Downey Jr., Chris Hemsworth, Chris Evans, Scarlett Johansson, Don Cheadle, Jeremy RennerAvengers: Endgame
100%
April 27, 2018Chadwick Boseman, Josh Brolin, Mark Ruffalo, Benedict Cumberbatch, Robert Downey Jr., Tom Holland, Chris Pratt, Zoe Saldana, Dave Bautista, Vin Diesel, Bradley Cooper, Pom Klementieff, Chris Hemsworth, Elizabeth Olsen, Paul Bettany, Chris Evans, Scarlett Johansson, Anthony Mackie, Don Cheadle, Sebastian StanAvengers: Infinity War
100%
February 16, 2018Chadwick Boseman, Michael B. JordanBlack Panther
100%
July 9, 2021Scarlett Johansson, Florence Pugh, Ray WinstoneBlack Widow
100%
July 22, 2011Chris Evans, Hayley Atwell, Hugo Weaving, Sebastian StanCaptain America: The First Avenger
100%
April 4, 2014Chris Evans, Sebastian Stan, Anthony Mackie, Scarlett JohanssonCaptain America: The Winter Soldier
100%
November 4, 2016Benedict CumberbatchDoctor Strange
100%
August 1, 2014Chris Pratt, Zoe Saldana, Dave Bautista, Vin Diesel, Bradley Cooper, Lee PaceGuardians of the Galaxy
100%
May 5, 2017Chris Pratt, Zoe Saldana, Dave Bautista, Vin Diesel, Bradley Cooper, Pom Klementieff, Kurt RussellGuardians of the Galaxy Vol. 2
100%
May 2, 2008Robert Downey Jr., Terrence Howard, Gwyneth Paltrow, Jeff BridgesIron Man
100%
May 7, 2010Robert Downey Jr., Mickey Rourke, Gwyneth Paltrow, Don Cheadle, Sam RockwellIron Man 2
100%
May 3, 2013Robert Downey Jr., Guy Pearce, Gwyneth Paltrow, Ben KingsleyIron Man 3
100%
July 2, 2019Tom Holland, Jake GyllenhaalSpider-Man: Far From Home
100%
July 7, 2017Tom Holland, Michael KeatonSpider-Man: Homecoming
100%
December 17, 2021Tom Holland, Benedict Cumberbatch, Alfred Molina, Willem Dafoe, Jamie Foxx, Andrew Garfield, Tobey Maguire, Charlie CoxSpider-Man: No Way Home
100%
May 4, 2012Robert Downey Jr., Chris Evans, Jeremy Renner, Scarlett Johansson, Mark Ruffalo, Tom Hiddleston, Alexis Denisof, Samuel L. JacksonThe Avengers
100%
June 13, 2008Edward Norton, Tim Roth, Liv TylerThe Incredible Hulk
100%
May 6, 2011Chris Hemsworth, Tom Hiddleston, Natalie Portman, Kat Dennings, Stellan SkarsgardThor
100%
November 8, 2013Chris Hemsworth, Christopher Eccleston, Natalie PortmanThor: The Dark World
100%
January 15, 2021Elizabeth Olsen, Paul Bettany, Kathryn HahnWandaVision
100%
November 11, 2022Letitia Wright, Dominique Thorne, Angela Bassett, Lupita Nyong'o, Danai Gurira, Florence Kasumba,Tenoch HuertaBlack Panther: Wakanda Forever
93%
May 6, 2016Anthony Mackie, Sebastian Stan, Jeremy Renner, Elizabeth Olsen, Paul Rudd, Chris Evans, Robert Downey Jr., Scarlett Johansson, Don Cheadle, Paul Bettany, Tom Holland, Chadwick Boseman, Daniel BruhlCaptain America: Civil War
93%
March 8, 2019Brie Larson, Jude LawCaptain Marvel
93%
May 6, 2022Benedict Cumberbatch, Benedict Wong, Xochitl Gomez, Elizabeth Olsen, Patrick Stewart, Chiwetel Ejiofor, Lashana Lynch, Hayley Atwell, Anson Mount, John KrasinskiDoctor Strange in the Multiverse of Madness
93%
November 5, 2021Salma Hayek, Richard Madden, Gemma Chan, Angelina Jolie, Don Lee, Lauren Ridloff, Kumail Nanjiani, Lia McHugh, Brian Tyree Henry, Barry Keoghan, Bill SkarsgardEternals
93%
November 24, 2021Jeremy Renner, Hailee SteinfeldHawkeye
93%
June 9, 2021Tom Hiddleston, Owen Wilson, Sophia Di Martino, Jonathan MajorsLoki
93%
July 8, 2022Chris Hemsworth, Natalie Portman, Taika Waititi, Tessa Thompson, Christian BaleThor: Love and Thunder
93%
November 3, 2017Chris Hemsworth, Mark Ruffalo, Cate BlanchettThor: Ragnarok
93%
August 11, 2021Jeffrey Wright, Hayley Atwell, Chadwick Boseman, Cynthia McWilliams, Lake Bell, Benedict Cumberbatch, Michael B. Jordan, Chris Hemsworth, Ross MarquandWhat If...?
93%
March 19, 2021Anthony Mackie, Sebastian Stan, Daniel BruhlFalcon and the Winter Soldier
87%
May 5, 2023Chris Pratt, Zoe Saldana, Dave Bautista, Vin Diesel, Bradley Cooper, Pom Klementieff, Karen Gillian, Maria Bakalova, Will Poulter, Chukwudi IwujiGuardians of the Galaxy Vol. 3
87%
March 30, 2022Oscar Isaac, Ethan Hawke, May Calamawy, Karim El Hakim, Antonia SalibMoon Knight
87%
September 3, 2021Simu Liu, Awkwafina, Tony LeungShang-Chi and the Legend of the Ten Rings
87%
July 28, 2023Iman Vellani, Brie Larson, Teyonah ParrisThe Marvels
87%
February 17, 2023Paul Rudd, Evangeline Lilly, Kathryn Newton, Jonathan Majors, Michael Douglas, Michelle Pfeiffer, Bill Murray, Randall ParkAnt-Man and the Wasp: Quantumania
80%
August 10, 2022Vin DieselI Am Groot
80%
December 2022Chris Pratt, Zoe Saldana, Dave Bautista, Vin Diesel, Bradley Cooper, Pom Klementieff, Karen GillianGuardians of the Galaxy Holiday Special
73%
June 8, 2022Iman Vellani, Matt Lintz, Rish Shah, Aramis Knight, Yasmeen Fletcher, Nimra Bucha, Mehwish Hayat,Ms. Marvel
73%
August 17, 2022Tatiana Maslany, Mark Ruffalo, Tim Roth, Benedict Wong, Charlie Cox, Jameela JamilShe-Hulk: Attorney at Law
73%
September 6, 2024Mahershala Ali, Kit Harrington (?)Blade
67%
November 8, 2024Ryan Reynolds, Hugh JackmanDeadpool 3
67%
Spring 2023Samuel L. Jackson, Cobie Smulders, Ben MendelsohnSecret Invasion
60%
October 7, 2022Gael Garcia Bernal, Laura Donnelly, Harriet Sansom Harris, Kirk R Thatcher, Leonardo Nam, Eugenie Bondurant, Daniel J Watts, Carey JonesWerewolf By Night
60%
July 26, 2024David Harbour, Wyatt Russell, Julia Louis-Dreyfus, Olga Kurylenko, Hannah John-Kamen, Florence Pugh, Sebastian StanThunderbolts
53%
Winter 2023-2024Kathryn HahnAgatha: Coven of Chaos
47%
May 3, 2024Anthony Mackie, Tim Blake Nelson, Danny RamirezCaptain America: New World Order
47%
Summer 2023Alaqua Cox, Vincent D'Onofrio, Charlie CoxEcho
47%
Fall 2023Dominique ThorneIronheart
47%
May 1, 2026???Avengers: Secret Wars
40%
Spring 2024Charlie Cox, Vincent D'OnofrioDaredevil: Born Again
40%
February 14, 2025???Fantastic Four
40%
May 2, 2025Jonathan MajorsAvengers: The Kang Dynasty
33%
???Don CheadleArmor Wars
27%
???Florence Pugh, Hailee Steinfeld, Randall Park, Simu Liu, Iman Vellani, Andy Le, David Harbour, Awkwafina, Elizabeth Olsen, Hannah John-Kamen, Jeremy Renner, Danai Gurira, Tim Roth, Brie Larson, Chris Evans, Richard MaddenMarvel Zombies
13%
2024Tom Holland (?)Spider-Man: Freshman Year
13%

Score Distribution

Percentile by Number Answered

Percent of People with Each Score

Your Score History

You have not taken this quiz since the last reset